الامومة والطفولة / (Record no. 43377)
[ view plain ]
| 000 -الفاتح | |
|---|---|
| حقل البيانات ثابتة الطول | 00356nam a2200145Ia 4500 |
| 008 - عناصر البيانات ثابتة الطول - معلومات عامة | |
| حقل البيانات ثابتة الطول | 140319s9999 xx 000 0 ara d |
| 040 ## - مصدر الفهرسة | |
| وكالة الفهرسة الأصلية | GCL / |
| وكالة النسخ | GCL |
| 082 04 - رقم تصنيف ديوى العشرى | |
| رقم التصنيف | 649 |
| رقم المادة | ه ا |
| 100 1# - المدخل الرئيسى - إسم شخصى | |
| الإسم الشخصى | بيتر |
| 245 10 - بيان العنوان | |
| العنوان | الامومة والطفولة / |
| بيان المسئوليه,etc | بيتر |
| 700 1# - المدخل الاضافى - اسم شخصى | |
| الإسم الشخصى | هومز |
| 700 1# - المدخل الاضافى - اسم شخصى | |
| الإسم الشخصى | بسام درويش |
| 490 ## - بيان السلسلة | |
| عنوان السلسلة | 100 قصة |
| رقم المجلد/ التعيين التسلسلي | 0 |
| حالة التراجع | حالة الفقد | حالة تلف | ليس للاعارة | المكان المؤقت | الموقع الحالى | تاريخ الاكتساب | اجمالي اﻻعارات | رقم الطلب | الباركود | تاريخ اخر مشاهدة | تاريخ تفعيل السعر | نوع وعاء كوها |
|---|---|---|---|---|---|---|---|---|---|---|---|---|
| مكتبة القاهرة الكبرى | مكتبة القاهرة الكبرى | 03/26/2014 | 649\ه ا | 104979 | 03/26/2014 | 03/26/2014 | كتاب | |||||
| مكتبة القاهرة الكبرى | مكتبة القاهرة الكبرى | 03/26/2014 | 649\ه ا | 104980 | 03/26/2014 | 03/26/2014 | كتاب | |||||
| مكتبة القاهرة الكبرى | مكتبة القاهرة الكبرى | 03/26/2014 | 649\ه ا | 104981 | 03/26/2014 | 03/26/2014 | كتاب |

